000 00370nam a2200157Ia 4500
008 210716s9999 xx 000 0 und d
020 _a78817609
041 _aeng
082 _a005.1331 SCHH
100 _aSchildt, Herbert.
245 _aTeach yourself: c++.
250 _a1
260 _aNew York
_bMc Graw Hill
300 _axviii,515
650 _aC++ Progamming
999 _c182805
_d182805